000 00722nam a2200205Ia 4500
003 GCL
008 140319s9999 xx 000 0 ara d
040 _aGCL /
_cGCL
082 0 4 _a349.309
_bم م
100 1 _aمحمد عبدالظاهر حسين
245 1 0 _a"المسئولية المدنية للمسئولين عن اماكن ايواء السيارات ""دراسة فقهية وقضائية""" /
_cمحمد عبدالظاهر حسين
260 _a[S.N] :
_bدار النهضة العربية ،
_c1993
300 _a90 ص
490 _a
650 0 4 _aالقانون
650 0 4 _aالسيارات
650 0 4 _aالتأمين على السيارات
650 0 4 _aمحطات خدمة
942 _2ddc
_cBK
999 _c27975
_d27975